=LDR 00000nam 2200000 4500 =001 INLIS000000000005891 =005 20200824120627 =035 ##$$a 0010-061300000005891 =008 200824################g##########0#ind## =041 ##$$a Ind =082 ##$$a 2x0 =090 ##$$a 2x0, Sab i =100 ##$$a Sabiq, Sayid =245 1#$$a Islam dipandang dari segi rohani-moral sosial, /$c Sayid Sabiq ; penerjemah, Drs. Zainuddin =260 ##$$a Jakarta :$b Rineka Cipta,$c 1994 =300 ##$$a viii, 281 hlm. ; $c 15 x 21 cm =650 #4$$a Agama islam =850 ##$$a NBPNMAT =020 ##$$a 979-518-299-4 =084 ##$$a 2x0 SAB i =710 #$$a Zainuddin =250 ##$$a Cet. 1 =990 ##$$a 66.696/Pro.94 =990 ##$$a 75.750/pro.94 =990 ##$$a 66.696/Pro.94 =990 ##$$a 75.750/pro.94